Diagnóstico, composición y distribución de la fauna silvestre utilizada para cacería en una comunidad campesina de Santa Helena Baja en el municipio de Pandi, Cundinamarca. (Registro nro. 17531)
[ vista simple ]
| 000 -CABECERA | |
|---|---|
| Campo de control | 01385nam a22002657a 4500 |
| 005 - FECHA Y HORA DE LA ULTIMA TRANSACCION | |
| Campo de control | 20160827113214.0 |
| 008 - ELEMENTOS DE LONGITUD FIJA—INFORMACION GENERAL | |
| Campo de control | 150708b2002 ck ||||frm||| 00| 0 spa d |
| 040 ## - FUENTE DE CATALOGACIÓN | |
| Agencia catalogadora original | CO-BoIAVH |
| Agencia transcriptora | CO-BoIAVH |
| 041 ## - IDIOMA | |
| Código de idioma para texto/pista de sonido o título separado | Español |
| 044 ## - PAÍS DE PUBLICACIÓN | |
| País de publicación | Colombia |
| 090 ## - CLASIFICACIÓN LOCAL | |
| Colección | TE |
| Consecutivo | 0139 |
| 100 1# - ASIENTO PRINCIPAL--NOMBRE PERSONAL | |
| Nombre personal | Correa-Pérez, Jaime Enrique |
| 9 (RLIN) | 35298 |
| 245 10 - MENCION DE TITULO | |
| Título | Diagnóstico, composición y distribución de la fauna silvestre utilizada para cacería en una comunidad campesina de Santa Helena Baja en el municipio de Pandi, Cundinamarca. |
| Parte restante del título | Jaime Enrique Correa Pérez |
| 260 ## - PUBLICACION, DISTRIBUCION, ETC. (PIE DE IMPRENTA) | |
| Lugar de publicación, distribución, etc. | Bogotá: |
| Nombre del editor, distribuidor, etc. | Pontificia Universidad Javeriana, Facultad de Estudios Ambientales y Rurales, Carrera de Ecología, |
| Fecha de publicación, distribución, etc. | 2002. |
| 300 ## - DESCRIPCION FISICA | |
| Extensión | 130 paginas |
| Otros detalles físicos | tablas, mapas a color |
| Dimensiones | 28 cm., argollado. |
| 500 ## - NOTA GENERAL | |
| Nota general | Solo para consulta en sala |
| 502 ## - NOTA DE TESIS | |
| Nota de tesis | Trabajo de grado para optar al título de Ecologo en la Pontificia Universidad Javeriana de Bogotá. |
| 505 ## - NOTA DE CONTENIDO | |
| Nota de contenido | El manejo de fauna silvestre<br/>Generalidades de la Región Andina<br/>Biodiversidad en los Andes<br/>Comunidades rurales<br/>Economía campesina andina |
| 590 ## - NOTA LOCAL | |
| Nota local | SOLO PARA CONSULTA EN SALA |
| 650 10 - ASIENTO SECUNDARIO DE MATERIA - TERMINO TEMATICO | |
| Término temático o nombre geográfico como elemento de entrada | Fauna silvestre |
| Subdivisión general | aspectos económicos |
| 9 (RLIN) | 75375 |
| 650 10 - ASIENTO SECUNDARIO DE MATERIA - TERMINO TEMATICO | |
| Término temático o nombre geográfico como elemento de entrada | Fauna silvestre |
| Subdivisión general | Conservación |
| Subdivisión geográfica | Colombia |
| 9 (RLIN) | 75376 |
| 662 ## - ASIENTO SECUNDARIO DE MATERIA - JERARQUIA DEL NOMBRE DE LUGAR( | |
| País o entidad mayor | Colombia |
| Jurisdicción política de primer orden | Cundinamarca (Dpto.) |
| Jurisdicción política intermedia | Pandi (Municipio) |
| Ciudad | Santa Helena la Baja |
| 700 1# - ASIENTO SECUNDARIO - NOMBRE PERSONAL | |
| Nombre personal | Polanco Ochoa, Rocío |
| Término de relación | Directora de tesis |
| 9 (RLIN) | 20628 |
| 942 ## - ELEMENTOS ADICIONALES (KOHA) | |
| Sistema de clasificación | Local |
| Tipo de ítem | Tesis |
| Withdrawn status | Lost status | Sistema de Clasificación | Damaged status | No para préstamo | Colección | Ubicación Permanente | Ubicación actual | Fecha de adquisición | Total Checkouts | Número topográfico | Inventario / Código de Barras | Date last seen | Date checked out | Ejemplar | Price effective from | Forma de adquisición | Tipo de material | Public note |
|---|---|---|---|---|---|---|---|---|---|---|---|---|---|---|---|---|---|---|
| Local | Tesis | Bogotá | Bogotá | 08/07/2015 | 2 | TE-0139 | 042093 | 01/06/2023 | 18/02/2020 | Ej. 1 | 08/07/2015 | Donación | Tesis | Disponible solo para consulta en sala |